MARC

LEADER 00000nas a2200000 a 4500
001 ssj0001132
003 WaSeSS
005 20200512172242.0
006 m d
007 cr n
008 031210c19969999at br pss 0 a0eng c
010 |a  2008242157 
015 |a GBB350429  |2 bnb 
016 7 |a 013652177  |2 Uk 
022 |a 1753-6405  |l 1326-0200  |y 1326-0200 
035 |a (WaSeSS)ssj0001132 
037 |b Public Health Association of Australia Inc., G.P.O. Box 2204, Canberra, A.C.T. 2601, Australia 
040 |a FQM  |b eng  |c FQM  |d OCLCQ  |d BNG  |d AAA  |d OCLCQ  |d PFM  |d UV0  |d MYG  |d OCLCQ  |d UKMGB  |d SERSO  |d OCLCQ  |d OCLCF  |d OCLCQ  |d NLGGC  |d OCLCO  |d OCLCQ  |d OCLCO  |d OCLCQ  |d Z5A  |d OCLCO  |d NLE  |d OCLCA  |d BUF  |d OCLCQ  |d OCLCA  |d AU@  |d OCLCO  |d WYU  |d AUD  |d U3W  |d VT2  |d OCLCO  |d NJT  |d WaSeSS 
042 |a pcc 
043 |a u-at---  |a u-nz--- 
050 4 |a RA1  |b .A938 
060 0 0 |a W1  |b AU618R 
082 0 |a 362.1/05  |2 20 
130 0 |a Australian and New Zealand journal of public health (Online) 
245 1 0 |a Australian and New Zealand journal of public health  |h [electronic resource]. 
260 |a Canberra, ACT :  |b Public Health Association of Australia 
310 |a Bimonthly 
362 1 |a Print began with vol. 20, no. 1 (Feb. 1996). 
506 |a License restrictions may limit access. 
538 |a Mode of access: World Wide Web. 
588 |a Description based on: Vol. 24, issue 1 (Feb. 2000) (Blackwell-Synergy, viewed Apr. 8, 2008). 
588 |a Latest issue consulted: Vol. 32, issue 1 (Feb. 2008) (Blackwell-Synergy, viewed Apr. 8, 2008). 
650 0 |a Public health  |z Australia  |v Periodicals. 
650 0 |a Public health  |z New Zealand  |v Periodicals. 
650 0 |a Medical care  |z Australia  |v Periodicals. 
650 0 |a Medical care  |z New Zealand  |v Periodicals. 
650 7 |a Medical care.  |2 fast  |0 (OCoLC)fst01013753 
650 7 |a Public health.  |2 fast  |0 (OCoLC)fst01082238 
650 2 |a Public Health  |v Periodicals  |z Australia. 
650 2 |a Public Health  |v Periodicals  |z New Zealand. 
650 2 |a Health Services  |v Periodicals  |z Australia. 
650 2 |a Health Services  |v Periodicals  |z New Zealand. 
650 2 |a Health Services. 
650 2 |a Public Health. 
651 7 |a Australia.  |2 fast  |0 (OCoLC)fst01204543 
651 7 |a New Zealand.  |2 fast  |0 (OCoLC)fst01204542 
651 2 |a New Zealand. 
651 2 |a Australia. 
655 0 |a Electronic journals. 
710 2 |a Public Health Association of Australia. 
776 1 |t Australian and New Zealand journal of public health  |x 1326-0200  |w (DLC)sn 96047548  |w (OCoLC)34770780 
780 0 0 |t Australian journal of public health  |x 1035-7319  |w (OCoLC)734084722 
856 4 0 |z Full text available from Research Library: 02/01/2017 to present  |u https://search.proquest.com/publication/37917